Notes on the culture of the Laguna Zone /

Bibliographic Details
Main Author: Kelly, Isabel T. (Isabel Truesdell), 1906-
Format: Book
Language:English
Published: [México] : [Institute of Inter-American Affairs?], 1954-
Subjects:

MARC

Tag First Indicator Second Indicator Subfields
LEADER 00000cam a2200000 i 4500
001 in00000013395
005 20151007052447.0
008 790122m19549999mx a b i00010 eng d
035 |a (OCoLC)04573717 
035 |9 AAA7882AM 
040 |a IXA  |c IXA  |d OCL  |d m/c  |d TXA  |d UtOrBLW 
049 |a TXAM  |v 2 [A12585623] 
050 4 |a F1266  |b .K455 1954 
100 1 |a Kelly, Isabel T.  |q (Isabel Truesdell),  |d 1906- 
245 1 0 |a Notes on the culture of the Laguna Zone /  |c Isabel Kelly. 
264 1 |a [México] :  |b [Institute of Inter-American Affairs?],  |c 1954- 
300 |a volumes :  |b illustrations ;  |c 28 cm. 
336 |a text  |b txt  |2 rdacontent 
337 |a unmediated  |b n  |2 rdamedia 
338 |a volume  |b nc  |2 rdacarrier 
504 |a Includes bibliography. 
505 1 |a V. 2. Population and sustenance. 
651 0 |a Laguna Region (Mexico)  |x Population. 
999 |a MARS 
999 f f |s 91660db9-9c63-3f66-9bd6-44b7a2976b22  |i fc82493b-58f7-32cb-8569-c20287101341  |t 0 
952 f f |p ric  |a Texas A&M University  |b Rellis Campus  |c Joint Library Facility  |d Remote Storage  |t 0  |e F1266 .K455 1954  |h Library of Congress classification  |i unmediated -- volume  |k v.2  |m A14812585623 
998 f f |a F1266 .K455 1954  |s v.2  |t 0  |l Remote Storage